000 00545nam a2200217Ia 4500
003 OSt
005 20220928140620.0
006 a|||||r|||| 00| 0
007 ta
008 220927b |||||||| |||| 00| 0 eng d
024 _a10003
037 _cTextual
040 _aSDCL
_cSDCL
_beng
041 _2eng
_aeng
082 _aF, L9
100 _aPascharella Perry Ed.
_9496286
245 0 _aTechnology
_b Fire in a derk world
260 _c1979
942 _hF, L9
_cTEXL
_2CC
999 _c812589
_d812589